Estaba el señor don gato (Registro nro. 2149)

Detalles MARC
000 -CABECERA
Longitud fija campo de control 01631nam a22003377a 4500
005 - • FECHA Y HORA DE LA ÚLTIMA TRANSACCIÓN
Fecha y hora de la última transacción 20220316235802.0
008 - • CÓDIGOS DE INFORMACIÓN DE LONGITUD FIJA
Códigos de información de longitud fija 140918b2013 sp a|| g||| 00| 0 1 spa
020 ## - • NÚMERO INTERNACIONAL NORMALIZADO PARA LIBROS
Número Internacional Normalizado para Libros (ISBN) 9789588841069
040 ## - FUENTE DE LA CATALOGACIÓN
Centro catalogador de origen CO-BoRNBP
Lengua de catalogación spa
Normas de descripción rda
Centro transcriptor CO-BoRNBP
084 ## - • Clasificación Local Alfanúmerica PNLB
Número de clasificación P EST1
245 #0 - • TITULO PROPIAMENTE DICHO
Título Estaba el señor don gato
Mención de responsabilidad, etc. ilustrado por Carmen Salvador ; edición a cargo de Elena Iribarren ; dirección de arte Irene Savino
250 ## - • MENCIÓN DE EDICIÓN
Mención de edición Edición especial para el Ministerio de Cultura
264 ## - PRODUCCIÓN, PUBLICACIÓN , DISTRIBUCIÓN, FABRICACIÓN Y COPYRIGHT
Lugar de producción, publicación, distribución, fabricación Barcelona
-- Bogotá
Nombre del productor, editor, distribuidor, fabricante Ekaré
-- Panamericana
Fecha de de producción, publicación, distribución, fabricación o copyright 2013
300 ## - • DESCRIPCIÓN FÍSICA
Extensión [26] páginas sin enumerar
Otras características físicas ilustraciones a color
Dimensiones 15 cm
336 ## - TIPO DE CONTENIDO
Término de tipo de contenido texto
Código de tipo de contenido txt
Fuente rdacontent
337 ## - TIPO DE MEDIO
Nombre del tipo de medio sin mediación
Código del tipo de medio n
Fuente rdamedia
338 ## - TIPO DE SOPORTE
Nombre del tipo de soporte volumen
Código del tipo de soporte nc
Fuente rdacarrier
490 ## - • MENCIÓN DE SERIE
Mención de serie Clave de sol
490 ## - • MENCIÓN DE SERIE
Mención de serie Leer es mi cuento
500 ## - • NOTA GENERAL
Nota general Incluye partitura y letra
520 ## - • NOTA DE RESUMEN
Resumen, etc, Estaba el señor Don Gato en silla de oro sentado, cuando recibe la feliz noticia de que ha de casarse con una gata morisca. Manda a preparar la boda con gran esmero y, después de la ceremonia, el recién casado sube al tejado a celebrar. Por fortuna, los gatos tienen más de una vida.
521 ## - • NOTA DE PÚBLICO DESTINATARIO
Nota público destinatario (R ) Recomendado para niños de 0 a 2 años
650 14 - • PUNTO DE ACCESO ADICIONAL DE MATERIA - TÉRMINO DE MATERIA
Fuente del encabezamiento o término LEMB
Término de materia o nombre geográfico como elemento inicial Juegos de palabras
650 14 - • PUNTO DE ACCESO ADICIONAL DE MATERIA - TÉRMINO DE MATERIA
Fuente del encabezamiento o término LEMB
Término de materia o nombre geográfico como elemento inicial Rondas infantiles
650 14 - • PUNTO DE ACCESO ADICIONAL DE MATERIA - TÉRMINO DE MATERIA
Fuente del encabezamiento o término LEMB
Término de materia o nombre geográfico como elemento inicial Canciones infantiles
700 1# - • PUNTO DE ACCESO ADICIONAL - NOMBRE DE PERSONA
Nombre de persona Iribarren, Elena
Término indicativo de función editor
700 1# - • PUNTO DE ACCESO ADICIONAL - NOMBRE DE PERSONA
Nombre de persona Savino, Irene
Término indicativo de función dirección de arte
700 1# - • PUNTO DE ACCESO ADICIONAL - NOMBRE DE PERSONA
Nombre de persona Salvador, Carmen
Término indicativo de función ilustrador
830 ## - • PUNTO DE ACCESO ADICIONAL DE SERIE - TÍTULO UNIFORME
Título uniforme Colección para la Primera Infancia del Ministerio de Cultura, Plan Nacional de Lectura y Escritura Leer es mi cuento, Primera Infancia 2013
942 ## - ENTRADA DE ELEMENTOS AGREGADOS (KOHA)
Fuente de clasificaión o esquema
Koha [por defecto] tipo de item Libro Infantil
Existencias
Perdido Fuente de clasificación o esquema Estado Físico No para préstamo Localización permanente Localización actual Localización en estanterías Fecha adquisición Préstamos totales Signatura completa Código de barras Fecha última consulta Número de copia Fecha del precio de reemplazo Tipo de item de Koha Forma de adquisición Note pública Número de registro
  Dewey Decimal Classification     Biblioteca Pública Cubarral Biblioteca Pública Cubarral Sala Infantil 07/19/2023   P EST1 CUB00311 07/19/2023 Ej.1 07/19/2023 Libro Infantil Infantil    
  Dewey Decimal Classification     Biblioteca Pública Cumaral - Alvaro Garzon Torres Biblioteca Pública Cumaral - Alvaro Garzon Torres Sala Infantil 12/15/2022   PEST1 CUM00012 12/15/2022 Ej.1 12/15/2022 Libro Infantil Infantil    
  Dewey Decimal Classification     Biblioteca Pública Dorado Biblioteca Pública Dorado Sala Infantil 02/27/2023   P EST1 DOR01328 02/27/2023 Ej.1 02/27/2023 Libro Infantil Infantil    
  Dewey Decimal Classification     Biblioteca Pública Fuentedeoro - Henry Llanos García Biblioteca Pública Fuentedeoro - Henry Llanos García Sala Infantil 07/22/2025   P EST1 Fo2366 07/22/2025 Ej.1 07/22/2025 Libro Infantil Infantil    
  Dewey Decimal Classification     Biblioteca Pública José Eustasio Rivera - San Martin Biblioteca Pública José Eustasio Rivera - San Martin Sala Infantil 06/29/2023   P EST1 SM00669 06/29/2023 Ej.1 06/29/2023 Libro Infantil Infantil    
  Dewey Decimal Classification     Biblioteca Pública Puerto López - Jorge Eliecer Gaitán Biblioteca Pública Puerto López - Jorge Eliecer Gaitán Sala Infantil 05/20/2025   P EST1 PLZ01301 05/20/2025 Ej.1 05/20/2025 Libro Infantil Infantil    
  Dewey Decimal Classification     Biblioteca Pública Acacias - Carlos María Hernández Rojas Biblioteca Pública Acacias - Carlos María Hernández Rojas Sala Infantil 04/20/2023   P EST1 ACA18900 04/20/2023 Ej.1 04/20/2023 Libro Infantil Infantil    
        Biblioteca Pública Departamental Eduardo Carranza - Villavicencio Biblioteca Pública Departamental Eduardo Carranza - Villavicencio Sala Infantil 07/03/2014   P EST1 ECA22890 11/26/2024 Ej.1 11/26/2024 LIbro Colección Sala Infantil de Literatura Pocatil y Tilín 16942 | 21827  
  Dewey Decimal Classification     Biblioteca Pública Guamal Biblioteca Pública Guamal Sala Infantil 02/10/2023   P EST1 GUA001063 02/10/2023 Ej.1 02/10/2023 Libro Infantil Infantil    
  Dewey Decimal Classification     Biblioteca Pública Mapiripan Biblioteca Pública Mapiripan Sala Infantil 01/22/2024   P EST1 MAP00003072 01/22/2024 Ej.1 01/22/2024 Libro Infantil Infantil    
  Dewey Decimal Classification     Biblioteca Pública Puerto Rico Biblioteca Pública Puerto Rico Sala Infantil 12/09/2022   PEST1 PR000000I155 12/09/2022 Ej.1 12/09/2022 Libro Infantil      
  Dewey Decimal Classification     Biblioteca Pública Puerto Rico Biblioteca Pública Puerto Rico Sala Infantil 06/05/2023   P EST1 PR000001288 06/05/2023 Ej.1 06/05/2023 Libro Infantil      
  Dewey Decimal Classification     Biblioteca Pública San Juanito - Ernesto Maria Peña Romero Biblioteca Pública San Juanito - Ernesto Maria Peña Romero Sala Infantil 06/17/2024   P EST1 SJU00842 06/17/2024 Ej.1 06/17/2024 Libro Infantil Infantil    
  Dewey Decimal Classification     Biblioteca Pública Uribe - Reinerio Arenas Biblioteca Pública Uribe - Reinerio Arenas Sala Infantil 06/06/2025   P EST1 URI02460 06/06/2025 Ej.1 06/06/2025 Libro Infantil Infantil    
  Dewey Decimal Classification     Biblioteca Pública Vistahermosa Biblioteca Pública Vistahermosa   04/11/2025   P EST1 VIST 0001782 04/11/2025 Ej.1 04/11/2025 Libro Infantil     P EST1









Instituto Departamental de Cultura del Meta - Red Departamental de Bibliotecas Públicas del Meta.